| 000 | 02402cam a22004097a 4500 | ||
|---|---|---|---|
| 001 | 7872413 | ||
| 003 | OSt | ||
| 005 | 20210923113418.0 | ||
| 006 | m d | ||
| 007 | cr n | ||
| 008 | 070912s2008 gw a sb 000 0 eng d | ||
| 015 |
_aGBA780092 _2bnb |
||
| 016 | 7 |
_a014052474 _2Uk |
|
| 020 | _a9783540753834 (cased) | ||
| 035 | _a(WaSeSS)ssj0000319685 | ||
| 038 | _akhadija | ||
| 040 |
_aUKM _cUKM _dBTCTA _dBAKER _dYDXCP _dSDB _dORE _dAGL _dDLC _dWaSeSS |
||
| 042 |
_aukblcatcopy _alccopycat |
||
| 050 | 4 |
_aGB656.2.E43 _bQ36 2008 |
|
| 070 | 0 |
_aGB656.2.E43 _bQ36 2008 |
|
| 082 | 0 | 4 |
_a551.480285 _222 _bQUA |
| 210 | 1 | 0 | _aQuantitative information fusion for hydrological sciences |
| 245 | 0 | 0 |
_aQuantitative Information Fusion for Hydrological Sciences / _cXing Cai, T.-C. Jim Yeh (eds.). |
| 260 |
_aBerlin : _bSpringer, _cc2008. |
||
| 440 | 0 |
_aStudies in computational intelligence ; _vv. 79 _981268 |
|
| 504 | _aIncludes bibliographical references. | ||
| 505 | 0 | 0 |
_tData fusion methods for integrating data-driven hydrological models / _rLinda See -- _gA _tnew paradigm for groundwater modeling / _rShu-Guang Li, Qun Liu -- _tInformation fusion using the Kalman filter based on Karhunen-Loève decomposition / _rZhiming Lu, Dongxiao Zhang, Yan Chen -- _tTrajectory-based methods for modeling and characterization / _rD. W. Vasco -- _gThe _trole of streamline models for dynamic data assimilation in petroleum engineering and hydrogeology / _rAkhil Datta-Gupta ... [et al.] -- _tInformation fusion in regularized inversion of tomographic pumping tests / _rGeoffrey C. Bohling -- _tAdvancing the use of satellite rainfall datasets for flood prediction in ungauged basins: the role of scale, hydrologic process controls and the Global Precipitation Measurement mission / _rFaisal Hossain, Nitin Katiyar -- _tIntegrated methods for urban groundwater management considering subsurface heterogeneity / _rJannis Epting ... [et al.]. |
| 506 | _aLicense restrictions may limit access. | ||
| 563 | _ahardcover | ||
| 650 | 0 |
_aHydrology _xData processing. _982650 |
|
| 700 | 1 |
_aCai, Xing. _982651 |
|
| 700 | 1 |
_aYeh, T. C. _q(T.-C. Jim) _982652 |
|
| 773 | 0 | _tSpringerLink ebooks - Engineering (2008) | |
| 856 | 4 | 0 |
_uhttp://www.columbia.edu/cgi-bin/cul/resolve?clio7872413 _zFull text available from SpringerLink ebooks - Engineering (2008) |
| 910 | _aLibrary of Congress record | ||
| 942 |
_2ddc _cBK |
||
| 999 |
_c31953 _d31953 |
||